书目信息 |
| 题名: |
极简德鲁克
|
|
| 作者: | 斯凯恩 著 | |
| 分册: | ||
| 出版信息: | 北京 民主与建设出版社有限责任公司 2016 |
|
| 页数: | 211页 | |
| 开本: | 21cm | |
| 丛书名: | ||
| 单 册: | ||
| 中图分类: | C93-49 | |
| 科图分类: | ||
| 主题词: | ||
| 电子资源: | ||
| ISBN: | 978-7-5139-1082-8 | |
| 000 | 01076nam0 22002531 450 | |
| 001 | 0118172318 | |
| 005 | 20170618172318.0 | |
| 010 | @a978-7-5139-1082-8@dCNY32.00 | |
| 100 | @a20160826d2016 em y0chiy50 ea | |
| 101 | 0 | @achi |
| 102 | @aCN@b110000 | |
| 105 | @ay z 000yy | |
| 106 | @ar | |
| 200 | 1 | @a极简德鲁克@Aji jian de lu ke@dBrife of management basics from Drucker@e一口气读完管理的使命、责任、实务、实践@f斯凯恩著@zeng |
| 210 | @a北京@c民主与建设出版社有限责任公司@d2016 | |
| 215 | @a211页@d21cm | |
| 330 | @a本书浓缩了德鲁克一生主要的管理学思想。全书包括管理学之父、公司的概念、管理的任务、卓有成效的管理者、管理的挑战、创新与企业家精神、企业管理实务七个部分。 | |
| 510 | 1 | @aBrife of management basics from Drucker@zeng |
| 517 | 1 | @a一口气读完管理的使命、责任、实务、实践@Ayi kou qi du wan guan li de shi ming ze ren shi wu shi jian |
| 600 | 0 | @a德鲁克@Ade lu ke@c(Drucker, Peter Ferdinand@f1909-2005)@x管理学@j通俗读物 |
| 690 | @aC93-49@v5 | |
| 701 | 0 | @a斯凯恩@Asi kai en@4著 |
| 801 | 0 | @aCN@bTANGWEI@c20170615 |
| 905 | @b1009341-6@dC93-49@e578@f6 | |
| 极简德鲁克=Brife of management basics from Drucker:一口气读完管理的使命、责任、实务、实践/斯凯恩著.-北京:民主与建设出版社有限责任公司,2016 |
| 211页;21cm |
| ISBN 978-7-5139-1082-8:CNY32.00 |
| 本书浓缩了德鲁克一生主要的管理学思想。全书包括管理学之父、公司的概念、管理的任务、卓有成效的管理者、管理的挑战、创新与企业家精神、企业管理实务七个部分。 |
| ● |
| 相关链接 |
|
|
|
|
正题名:极简德鲁克
索取号:C93-49/578
 
预约/预借
| 序号 | 登录号 | 条形码 | 馆藏地/架位号 | 状态 | 备注 |
| 1 | 1009341 | 210093414 | 第一样本阅览室/ [索取号:C93-49/578] | 在馆 | |
| 2 | 1009342 | 210093423 | 教育系资料室/ [索取号:C93-49/578] | 在馆 | |
| 3 | 1009343 | 210093432 | 教育系资料室/ [索取号:C93-49/578] | 在馆 | |
| 4 | 1009344 | 210093441 | 教育系资料室/ [索取号:C93-49/578] | 在馆 | |
| 5 | 1009345 | 210093450 | 第一借阅区/ [索取号:C93-49/578] | 在馆 | |
| 6 | 1009346 | 210093469 | 第一借阅区/ [索取号:C93-49/578] | 在馆 |